000 01001cam a22001934a 4500
005 20250605163929.0
008 250528s ||||||||||||||||||||||||d
035 _a14633
020 _a262061783
040 _aGR-AtMCL
_bgre
_dGR-AtMCL
_eAACR2
245 1 _aArtificial Minds
260 _bThe MIT Press,
_c1995
300 _a452
520 _aThis book combines the best of cognitive science research with artificial intelligence theorizing, building a bridge between areas usually a chasm apart. Preface, Mechanisms of Mind, The Nature of Mind and the Mind-Body Problem, Animal Minds, Symbolic AI, The First AI Debate, Connectionism, The Second AI Debate, Evolution and Natural and Artificial, Artificial Life, Multiplicity of Mind, What Do I Do Now?, What's Out There?, Remembering and Creating, Representation and the Third AI Debate, Into the Future, An Emerging New Paradigm of Mind?, References, Index.
700 1 _aFranklin Stan
_9366
942 _cBK
999 _c257
_d257